La hoz de oro (Registro nro. 816)
[ vista simple ]
| 000 -CABECERA | |
|---|---|
| Longitud fija campo de control | 01717nam a2200289Ia 4500 |
| 005 - • FECHA Y HORA DE LA ÚLTIMA TRANSACCIÓN | |
| Fecha y hora de la última transacción | 20220316235406.0 |
| 008 - • CÓDIGOS DE INFORMACIÓN DE LONGITUD FIJA | |
| Códigos de información de longitud fija | 121119s1998 sp a gr 000 h spa |
| 020 ## - • NÚMERO INTERNACIONAL NORMALIZADO PARA LIBROS | |
| Número Internacional Normalizado para Libros (ISBN) | 8475101313 |
| 041 0# - • CÓDIGO DE LENGUA | |
| Código de lengua del texto/banda sonora o título independiente | spa |
| 040 ## - FUENTE DE LA CATALOGACIÓN | |
| Centro catalogador de origen | CO-BoRNBP |
| Lengua de catalogación | spa |
| Normas de descripción | rda |
| Centro transcriptor | CO-BoRNBP |
| 084 ## - • Clasificación Local Alfanúmerica PNLB | |
| Número de clasificación | H GOS1 |
| 100 1# - • PUNTO DE ACCESO PRINCIPAL-NOMBRE DE PERSONA | |
| Nombre de persona | Goscinny, Rene, |
| Fechas asociadas al nombre | 1926- |
| 245 13 - • TITULO PROPIAMENTE DICHO | |
| Título | La hoz de oro |
| Mención de responsabilidad, etc. | René Goscinny ; ilustraciones de Uderzo |
| 250 ## - • MENCIÓN DE EDICIÓN | |
| Mención de edición | Primera edición |
| 264 #1 - PRODUCCIÓN, PUBLICACIÓN , DISTRIBUCIÓN, FABRICACIÓN Y COPYRIGHT | |
| Lugar de producción, publicación, distribución, fabricación | Barcelona |
| Nombre del productor, editor, distribuidor, fabricante | Grijalbo |
| Fecha de de producción, publicación, distribución, fabricación o copyright | 1998 |
| 300 ## - • DESCRIPCIÓN FÍSICA | |
| Extensión | 46 páginas |
| Otras características físicas | ilustraciones |
| Dimensiones | 29 cm |
| 336 ## - TIPO DE CONTENIDO | |
| Término de tipo de contenido | texto |
| Código de tipo de contenido | txt |
| Fuente | rdacontent |
| 337 ## - TIPO DE MEDIO | |
| Nombre del tipo de medio | sin mediación |
| Código del tipo de medio | n |
| Fuente | rdamedia |
| 338 ## - TIPO DE SOPORTE | |
| Nombre del tipo de soporte | volumen |
| Código del tipo de soporte | nc |
| Fuente | rdacarrier |
| 490 0# - • MENCIÓN DE SERIE | |
| Mención de serie | Una aventura de Asterix |
| 520 3# - • NOTA DE RESUMEN | |
| Resumen, etc, | En la apacible e independiente aldea Gala todos vivían felices y tranquilos. Un día, esta tranquilidad se vio quebrada por los desgarradores gritos del druida Panorámix. Se le había roto su hoz de oro y sin ella no podría concurrir al encuentro anual de druidas que se celebraría dentro de pocos días en el bosque de los Carnutes, pues para que el muérdago tuviera poderes mágicos debía ser cortado con una hoz de oro. Panorámix sólo usaba hoces fabricadas por Amérix, que vivía en la lejana Lutecia. Astérix y Obelix se ofrecieron para ir hasta Lutecia a comprarle al druida una hoz de oro para que pudiera asistir a la reunión anual de los Carnutes. El camino era peligroso pues estaba lleno de bosques infestados de bárbaros y bandidos. Obélix estaba muy contento con el viaje porque conocería a Amérix, que era su primo. |
| 650 14 - • PUNTO DE ACCESO ADICIONAL DE MATERIA - TÉRMINO DE MATERIA | |
| Fuente del encabezamiento o término | LEMB |
| Término de materia o nombre geográfico como elemento inicial | Galias |
| Subdivisión de forma | Tiras cómicas, historietas, etc. |
| 650 14 - • PUNTO DE ACCESO ADICIONAL DE MATERIA - TÉRMINO DE MATERIA | |
| Fuente del encabezamiento o término | LEMB |
| Término de materia o nombre geográfico como elemento inicial | Celtas |
| 650 14 - • PUNTO DE ACCESO ADICIONAL DE MATERIA - TÉRMINO DE MATERIA | |
| Fuente del encabezamiento o término | LEMB |
| Término de materia o nombre geográfico como elemento inicial | Aventuras |
| 700 1# - • PUNTO DE ACCESO ADICIONAL - NOMBRE DE PERSONA | |
| Nombre de persona | Uderzo, Albert |
| Término indicativo de función | ilustrador |
| 942 ## - ENTRADA DE ELEMENTOS AGREGADOS (KOHA) | |
| Fuente de clasificaión o esquema | |
| Koha [por defecto] tipo de item | Libro Literatura |
| Perdido | Fuente de clasificación o esquema | Estado Físico | No para préstamo | Forma de adquisición | Localización permanente | Localización actual | Localización en estanterías | Fecha adquisición | Préstamos totales | Signatura completa | Código de barras | Fecha última consulta | Número de copia | Fecha del precio de reemplazo | Tipo de item de Koha |
|---|---|---|---|---|---|---|---|---|---|---|---|---|---|---|---|
| Dewey Decimal Classification | Infantil | Biblioteca Pública Cubarral | Biblioteca Pública Cubarral | Sala Infantil | 07/19/2023 | H GOS1 | CUB00359 | 07/19/2023 | Ej.1 | 07/19/2023 | Libro Literatura | ||||
| Dewey Decimal Classification | Infantil | Biblioteca Pública Guamal | Biblioteca Pública Guamal | Sala Infantil | 02/20/2023 | H GOS1 | GUA001572 | 02/20/2023 | Ej.1 | 02/20/2023 | Libro Infantil |